| 000 | 00805nam a2200217 i 4500 | ||
|---|---|---|---|
| 001 | 67420 | ||
| 003 | ES-MaACL | ||
| 005 | 20251019063045.0 | ||
| 007 | t| | ||
| 008 | 190701s1967 sp ||||0| spa d | ||
| 100 | 1 |
_aLuttervelt, Remmet van, _d1916-1963 _9167438 |
|
| 245 | 1 | 0 |
_aTesoros de la pintura en los museos de Holanda / _cR. van Luttervelt ; traducida de Mª de los Angeles Gonzalez Lobo. |
| 260 |
_aMadrid : _bDaimon, _c[1967] |
||
| 300 |
_a320 p., 48 lám. neg. y col. ; _c21 cm. |
||
| 490 | 1 |
_aColección "Tesoros de los Grandes Museos" ; _v10 |
|
| 650 | 4 |
_aMuseos de arte- _zHolanda. _9166981 |
|
| 700 | 0 |
_aGonzález Lobo, María Angeles. _958760 |
|
| 830 | 0 | 0 |
_aColección "Tesoros de los grandes museos" _v10 _9178969 |
| 852 |
_aES-MaACL _jP-583-Bis-10 |
||
| 999 |
_c67420 _d67420 |
||